[Event "Reykjavik op"]
[Site "Reykjavik"]
[Date "2023.03.31"]
[Round "4"]
[White "Ricken, Katharina"]
[Black "Ostensson, Julia"]
[Result "1/2-1/2"]
[WhiteElo "2205"]
[BlackElo "1822"]
[PlyCount "86"]
[EventDate "2023.03.29"]
[EventType "swiss"]
[EventRounds "9"]
[EventCountry "ISL"]
[SourceTitle "CBM 213 Extra"]
[Source "ChessBase"]
[SourceDate "2023.05.31"]
[SourceVersion "1"]
[SourceVersionDate "2023.05.31"]
[SourceQuality "1"]

1. Nf3 Nf6 2. g3 g6 3. b3 Bg7 4. Bb2 0-0 5. Bg2 c5 6. c4 d6 7. 0-0 e5 8. d3 Nc6 9. Nc3 h6 10. Nd2 Nh7 11. Nd5 Be6 12. a3 Qd7 13. e3 Bh3 14. b4 Bxg2 15. Kxg2 b6 16. Ne4 f5 17. Nec3 Ng5 18. f4 Ne6 19. b5 Na5 20. Qc2 Rae8 21. Ne2 Kh7 22. Bc3 Nb7 23. a4 Nc7 24. Nxc7 Qxc7 25. Rae1 Rf7 26. Bd2 Nd8 27. Nc3 Ne6 28. Qd1 exf4 29. gxf4 Qb7+ 30. Qf3 Qxf3+ 31. Kxf3 g5 32. fxg5 hxg5 33. Nd5 g4+ 34. Kg2 Ng5 35. Re2 Nf3 36. a5 Nd4 37. Ref2 Nf3 38. Bc1 bxa5 39. Ra2 Kg6 40. Nf4+ Kg5 41. Nh3+ Kg6 42. Nf4+ Kg5 43. Nh3+ Kg6 1/2-1/2

[Event "Reykjavik op"]
[Site "Reykjavik"]
[Date "2023.03.30"]
[Round "3"]
[White "Bartelt, Max Peter"]
[Black "Ricken, Katharina"]
[Result "1-0"]
[WhiteElo "2031"]
[BlackElo "2205"]
[PlyCount "83"]
[EventDate "2023.03.29"]
[EventType "swiss"]
[EventRounds "9"]
[EventCountry "ISL"]
[SourceTitle "CBM 213 Extra"]
[Source "ChessBase"]
[SourceDate "2023.05.31"]
[SourceVersion "1"]
[SourceVersionDate "2023.05.31"]
[SourceQuality "1"]

1. d4 e6 2. e4 d5 3. Nc3 Nc6 4. e5 a6 5. Nf3 f6 6. Ne2 fxe5 7. dxe5 Qe7 8. c3 Bd7 9. g3 g6 10. Bh3 Bg7 11. Bf4 Nh6 12. 0-0 Nf7 13. Ned4 Ncd8 14. b4 g5 15. Bc1 h5 16. g4 h4 17. Qc2 Rh6 18. Re1 Nc6 19. Nxc6 Bxc6 20. a4 Bd7 21. Bf1 Kf8 22. Qd2 Rh8 23. h3 Bh6 24. Bd3 Rg8 25. Qc2 Rg7 26. Be3 Kg8 27. Qd2 Nh8 28. Nxh4 Be8 29. Ng2 Ng6 30. Bc5 Qf7 31. h4 Nf4 32. Nxf4 gxf4 33. f3 b6 34. Bf2 Kh8 35. Kf1 Rg8 36. g5 Bg7 37. g6 Qf8 38. h5 Bh6 39. Bh4 Bd7 40. Bf6+ Bg7 41. Qxf4 c5 42. Qh6# 1-0

[Event "Reykjavik op"]
[Site "Reykjavik"]
[Date "2023.03.30"]
[Round "2"]
[White "Ricken, Katharina"]
[Black "Hartmann, Wolfgang"]
[Result "1-0"]
[WhiteElo "2205"]
[BlackElo "1925"]
[PlyCount "83"]
[EventDate "2023.03.29"]
[EventType "swiss"]
[EventRounds "9"]
[EventCountry "ISL"]
[SourceTitle "CBM 213 Extra"]
[Source "ChessBase"]
[SourceDate "2023.05.31"]
[SourceVersion "1"]
[SourceVersionDate "2023.05.31"]
[SourceQuality "1"]

1. Nf3 c5 2. b3 d6 3. c4 Nc6 4. Bb2 e5 5. Nc3 g6 6. g3 Bg7 7. d3 Nge7 8. Bg2 h6 9. 0-0 0-0 10. Nd2 Be6 11. a3 Qd7 12. Nd5 Rab8 13. e3 b5 14. Qc2 f5 15. Bc3 Kh7 16. Rfb1 Bf7 17. Nxe7 Nxe7 18. f4 exf4 19. Bxg7 Kxg7 20. exf4 Nc6 21. Qc3+ Kh7 22. Nf3 a6 23. b4 Qa7 24. Kh1 Rbc8 25. cxb5 axb5 26. bxc5 dxc5 27. Rxb5 Nd4 28. Rb7 Qxb7 29. Ng5+ hxg5 30. Bxb7 Rc7 31. Bg2 gxf4 32. gxf4 Rd8 33. a4 Rdc8 34. a5 Ra7 35. a6 Rcc7 36. h4 Be8 37. Ra5 Bb5 38. Bb7 Rcxb7 39. axb7 Bc6+ 40. Kh2 Nf3+ 41. Kg3 Rxb7 42. Rxc5 1-0

[Event "Reykjavik op"]
[Site "Reykjavik"]
[Date "2023.03.29"]
[Round "1"]
[White "Can, Emre"]
[Black "Ricken, Katharina"]
[Result "1-0"]
[WhiteElo "2600"]
[BlackElo "2205"]
[PlyCount "101"]
[EventDate "2023.03.29"]
[EventType "swiss"]
[EventRounds "9"]
[EventCountry "ISL"]
[SourceTitle "CBM 213 Extra"]
[Source "ChessBase"]
[SourceDate "2023.05.31"]
[SourceVersion "1"]
[SourceVersionDate "2023.05.31"]
[SourceQuality "1"]

1. d4 d5 2. c4 e6 3. Nc3 Nf6 4. cxd5 exd5 5. Bg5 Nbd7 6. e3 c6 7. Bd3 Be7 8. Nge2 Nh5 9. Bxe7 Qxe7 10. g4 Nhf6 11. Ng3 Nb6 12. g5 Nfd7 13. h4 Nf8 14. a4 Be6 15. a5 Nc8 16. Qc2 Nd6 17. a6 b6 18. 0-0-0 0-0-0 19. f3 Kb8 20. e4 Ng6 21. Qh2 Qc7 22. Nh5 Rhg8 23. Kb1 dxe4 24. fxe4 Bg4 25. Be2 Bxh5 26. Bxh5 Rge8 27. Bf3 Nc4 28. e5 Ne3 29. Rc1 Re6 30. Qf2 Nc4 31. Ne4 Na5 32. Bg4 Ree8 33. Nd6 Rf8 34. b4 f6 35. gxf6 gxf6 36. Qb2 fxe5 37. dxe5 Nxe5 38. Qxe5 Rxd6 39. bxa5 Rd2 40. Qxc7+ Kxc7 41. Rhf1 Rff2 42. Rxf2 Rxf2 43. Rd1 Rf7 44. Kc2 c5 45. axb6+ Kxb6 46. Rd6+ Kb5 47. Kc3 Rf4 48. Be2+ c4 49. Rh6 Re4 50. Rh5+ Kxa6 51. Bxc4+ 1-0

[Event "Marianske Lazne GM-A2 21st"]
[Site "Marianske Lazne"]
[Date "2023.01.15"]
[Round "2"]
[White "Ricken, Katharina"]
[Black "Niedbala, Bartlomiej"]
[Result "1/2-1/2"]
[WhiteElo "2177"]
[BlackElo "2390"]
[PlyCount "61"]
[EventDate "2023.01.14"]
[EventType "tourn"]
[EventRounds "9"]
[EventCountry "CZE"]
[EventCategory "6"]
[SourceTitle "CBM 212 Extra"]
[Source "ChessBase"]
[SourceDate "2023.03.31"]
[SourceVersion "1"]
[SourceVersionDate "2023.03.31"]
[SourceQuality "1"]

1. Nf3 Nf6 2. g3 g6 3. b3 Bg7 4. Bb2 d6 5. d4 b5 6. Bg2 Bb7 7. Qd3 a6 8. Nbd2 0-0 9. e4 Nbd7 10. 0-0 e6 11. Rfe1 Qe7 12. c3 Nb6 13. Rad1 e5 14. Ba3 c5 15. dxe5 dxe5 16. Qe3 Rac8 17. Bh3 Rc6 18. Qg5 Re8 19. Nh4 Qc7 20. f3 Rd8 21. Nf1 Rcd6 22. Qc1 Bh6 23. Qc2 Bf8 24. Ne3 Nc8 25. Bb2 Bh6 26. Nhg2 Ne7 27. Rxd6 Rxd6 28. Rd1 Bc6 29. Kf2 Rxd1 30. Qxd1 Bb7 31. Qd3 1/2-1/2

[Event "Abu Dhabi Masters 28th"]
[Site "Abu Dhabi"]
[Date "2022.08.20"]
[Round "5"]
[White "Risting, Eivind Olav"]
[Black "Ricken, Katharina"]
[Result "1-0"]
[WhiteElo "2325"]
[BlackElo "2157"]
[PlyCount "57"]
[EventDate "2022.08.17"]
[EventType "swiss"]
[EventRounds "9"]
[EventCountry "UAE"]
[SourceTitle "EXT 2023"]
[Source "ChessBase"]
[SourceDate "2022.10.05"]
[SourceVersion "1"]
[SourceVersionDate "2022.10.05"]
[SourceQuality "1"]

1. d4 e6 2. c4 Bb4+ 3. Bd2 Qe7 4. g3 Nf6 5. Bg2 Bxd2+ 6. Qxd2 d6 7. e3 e5 8. Ne2 c6 9. Nbc3 Bf5 10. e4 Bd7 11. 0-0 Na6 12. h3 Rd8 13. f4 0-0 14. b3 Bc8 15. Rae1 Rfe8 16. Kh2 exd4 17. Nxd4 Nc5 18. b4 Ne6 19. Nf5 Qc7 20. Rd1 Qb6 21. Nxd6 Qxb4 22. e5 Nd7 23. Nxe8 Rxe8 24. Ne4 Qxd2 25. Rxd2 Nec5 26. Nd6 Rd8 27. Rfd1 Nf8 28. f5 g6 29. g4 1-0

[Event "Abu Dhabi Masters 28th"]
[Site "Abu Dhabi"]
[Date "2022.08.19"]
[Round "4"]
[White "Ricken, Katharina"]
[Black "Zia, Tahsin Tajwar"]
[Result "1/2-1/2"]
[WhiteElo "2157"]
[BlackElo "2321"]
[PlyCount "106"]
[EventDate "2022.08.17"]
[EventType "swiss"]
[EventRounds "9"]
[EventCountry "UAE"]
[SourceTitle "CBM 209 Extra"]
[Source "ChessBase"]
[SourceDate "2022.09.30"]
[SourceVersion "1"]
[SourceVersionDate "2022.09.30"]
[SourceQuality "1"]

1. Nf3 d5 2. g3 Nc6 3. d4 Bf5 4. Bg2 e6 5. 0-0 Nb4 6. Na3 Nf6 7. c3 Nc6 8. Qb3 Rb8 9. Nh4 Be4 10. f3 Bg6 11. Nxg6 hxg6 12. e4 b5 13. Bg5 Na5 14. Qd1 Bxa3 15. bxa3 Qd7 16. Rb1 0-0 17. Rb4 Nc4 18. a4 bxa4 19. Qxa4 Qxa4 20. Rxa4 a5 21. exd5 exd5 22. Bxf6 gxf6 23. Re1 Rb2 24. Bf1 Nd2 25. Bg2 Ra8 26. Re2 Kf8 27. Kf2 Nc4 28. Rxb2 Nxb2 29. Ra3 a4 30. Bf1 Ke7 31. Ke3 Kd6 32. c4 dxc4 33. Kd2 Kd5 34. Kc3 Rb8 35. f4 c5 36. Bg2+ Kd6 37. Bf1 Rb4 38. Be2 f5 39. h3 Kd5 40. Bf3+ Kd6 41. Be2 Rb8 42. Bf3 Rb6 43. Be2 Rb4 44. h4 Nd3 45. Bxd3 cxd3 46. dxc5+ Kxc5 47. Kxd3 Rd4+ 48. Kc2 Re4 49. Kd2 Kb4 50. Rd3 Re7 51. a3+ Kc5 52. Rc3+ Kb5 53. Rd3 Rc7 1/2-1/2

[Event "Dortmund NRW Cup (Women) 49th"]
[Site "Dortmund"]
[Date "2022.07.19"]
[Round "4"]
[White "Ricken, Katharina"]
[Black "Schulze, Lara"]
[Result "0-1"]
[WhiteElo "2282"]
[BlackElo "2292"]
[PlyCount "40"]
[EventDate "2022.07.16"]
[EventType "tourn"]
[EventRounds "9"]
[EventCountry "GER"]
[SourceTitle "CBM 209 Extra"]
[Source "ChessBase"]
[SourceDate "2022.09.30"]
[SourceVersion "1"]
[SourceVersionDate "2022.09.30"]
[SourceQuality "1"]

1. Nf3 d5 2. g3 Bg4 3. Bg2 Nd7 4. c4 e6 5. b3 Ngf6 6. Bb2 c6 7. 0-0 Bd6 8. d4 h5 9. Nbd2 h4 10. Nxh4 Rxh4 11. gxh4 Nh5 12. Re1 Qxh4 13. Nf1 Nf4 14. Qd2 Nxg2 15. Kxg2 Bh3+ 16. Kg1 Bxf1 17. e3 Bh3 18. f3 Bb4 19. Qf2 Bxe1 20. Rxe1 Qxf2+ 0-1

[Event "Trinidad & Tobago Masters"]
[Site "Port of Spain"]
[Date "2022.07.03"]
[Round "3"]
[White "Ricken, Katharina"]
[Black "Borges Matos, Juan R"]
[Result "1/2-1/2"]
[WhiteElo "2282"]
[BlackElo "2413"]
[PlyCount "34"]
[EventDate "2022.07.02"]
[EventType "tourn"]
[EventRounds "9"]
[EventCountry "TRI"]
[EventCategory "1"]
[SourceTitle "CBM 209 Extra"]
[Source "ChessBase"]
[SourceDate "2022.09.30"]
[SourceVersion "1"]
[SourceVersionDate "2022.09.30"]
[SourceQuality "1"]

1. Nf3 d5 2. g3 c6 3. Bg2 Bg4 4. c4 e6 5. 0-0 Nd7 6. cxd5 exd5 7. d3 Bc5 8. h3 Bh5 9. Qc2 Ne7 10. e4 0-0 11. Nc3 f6 12. Bf4 Re8 13. Rfe1 Rc8 14. Rac1 Bf7 15. a3 Ng6 16. Be3 Bxe3 17. Rxe3 Nb6 1/2-1/2

[Event "Djenovici TS03 Mix 3rd"]
[Site "Djenovici"]
[Date "2022.03.31"]
[Round "2"]
[White "Djurovic, Peko"]
[Black "Ricken, Katharina"]
[Result "1-0"]
[WhiteElo "2222"]
[BlackElo "2127"]
[PlyCount "69"]
[EventDate "2022.03.30"]
[EventType "swiss"]
[EventRounds "9"]
[EventCountry "MNE"]
[SourceTitle "EXT 2023"]
[Source "ChessBase"]
[SourceDate "2022.10.05"]
[SourceVersion "1"]
[SourceVersionDate "2022.10.05"]
[SourceQuality "1"]

1. e4 e6 2. d4 d5 3. Nc3 Nc6 4. e5 a6 5. Nf3 f6 6. Bf4 g5 7. Bg3 g4 8. Ng1 fxe5 9. dxe5 Qg5 10. f4 Qg7 11. Bd3 Bc5 12. Qd2 Nge7 13. Bh4 Qf7 14. Bf6 Rf8 15. h3 g3 16. Nf3 h6 17. 0-0-0 Bd7 18. h4 Nb4 19. Ng5 Nxd3+ 20. Qxd3 hxg5 21. fxg5 Qh5 22. Ne4 Bb5 23. Qc3 dxe4 24. Qxc5 Nc6 25. c4 b6 26. Qe3 Bxc4 27. Qxe4 Bd5 28. Rxd5 Ne7 29. Rd6 cxd6 30. Qxa8+ Kf7 31. Qb7 Rc8+ 32. Kd2 Qg4 33. Qxe7+ Kg6 34. Qg7+ Kf5 35. Qh7+ 1-0

[Event "Djenovici TS03 Mix 3rd"]
[Site "Djenovici"]
[Date "2022.03.30"]
[Round "1"]
[White "Ricken, Katharina"]
[Black "Topalov, Aleksandar"]
[Result "1/2-1/2"]
[WhiteElo "2127"]
[BlackElo "2239"]
[PlyCount "69"]
[EventDate "2022.03.30"]
[EventType "swiss"]
[EventRounds "9"]
[EventCountry "MNE"]
[SourceTitle "EXT 2023"]
[Source "ChessBase"]
[SourceDate "2022.10.05"]
[SourceVersion "1"]
[SourceVersionDate "2022.10.05"]
[SourceQuality "1"]

1. Nf3 Nf6 2. g3 g6 3. b3 Bg7 4. Bb2 0-0 5. Bg2 d6 6. d4 Nbd7 7. 0-0 Re8 8. Re1 e5 9. dxe5 Ng4 10. Qd2 Ngxe5 11. c4 a5 12. Nc3 a4 13. Nd5 Nc5 14. Nxe5 dxe5 15. Qe3 Nd7 16. Rad1 axb3 17. axb3 c6 18. Nc3 Qc7 19. Ne4 Nf8 20. Nd6 Re7 21. Nxc8 Rxc8 22. Qa7 Ree8 23. Ra1 Ne6 24. Bh3 f5 25. e3 Rcd8 26. Bf1 Bf8 27. Bc3 Bc5 28. Qa2 Ng5 29. Bg2 e4 30. Red1 Bf8 31. Bf6 Be7 32. Bxg5 Bxg5 33. Qc2 Bf6 34. Rxd8 Rxd8 35. Rd1 1/2-1/2

[Event "Marianske Lazne IM-B1 20th"]
[Site "Marianske Lazne"]
[Date "2022.01.18"]
[Round "5"]
[White "Redzisz, Michal"]
[Black "Ricken, Katharina"]
[Result "1/2-1/2"]
[WhiteElo "2213"]
[BlackElo "2006"]
[PlyCount "108"]
[EventDate "2022.01.15"]
[EventType "tourn"]
[EventRounds "9"]
[EventCountry "CZE"]
[SourceTitle "CBM 206 Extra"]
[Source "ChessBase"]
[SourceDate "2022.03.31"]
[SourceVersion "1"]
[SourceVersionDate "2022.03.31"]
[SourceQuality "1"]

1. Nf3 c5 2. e4 g6 3. d4 cxd4 4. Nxd4 Nc6 5. c4 Nf6 6. Nc3 d6 7. Be2 Nxd4 8. Qxd4 Bg7 9. Be3 0-0 10. Qd2 a5 11. Rc1 a4 12. 0-0 Qa5 13. Rc2 Be6 14. f3 Rfc8 15. Rfc1 Nd7 16. Nd5 Qxd2 17. Bxd2 Kf8 18. Bc3 Bxc3 19. Rxc3 Bxd5 20. cxd5 Rc5 21. Rxc5 Nxc5 22. Kf2 Ke8 23. Ke3 Kd7 24. Kd4 e6 25. Bb5+ Kc7 26. dxe6 Kb6 27. Be2 Nxe6+ 28. Ke3 Ra5 29. Rc4 Rb5 30. Rxa4 Rxb2 31. h4 h5 32. g4 hxg4 33. fxg4 Rb1 34. Bf3 Rb2 35. Be2 Rb1 36. Bf3 Rb2 37. h5 gxh5 38. gxh5 Rh2 39. Rb4+ Kc7 40. Rb5 Rxa2 41. Rf5 Kd8 42. Rxf7 Ng5 43. Rf5 Ra3+ 44. Kf2 Rxf3+ 45. Rxf3 Nxf3 46. Kxf3 Ke7 47. Ke3 Kf6 48. Kd4 b5 49. Kc3 Kg5 50. Kb4 Kxh5 51. Kxb5 Kg5 52. Kc6 Kf4 53. Kd5 Ke3 54. Kxd6 Kxe4 1/2-1/2

[Event "EU-ch Hybrid U18 Girls"]
[Site "Tornelo INT"]
[Date "2021.10.15"]
[Round "5"]
[White "Ivanaeva, Alina"]
[Black "Ricken, Katharina"]
[Result "1-0"]
[WhiteElo "1815"]
[BlackElo "2006"]
[PlyCount "87"]
[EventDate "2021.10.15"]
[EventType "swiss"]
[EventRounds "9"]
[EventCountry "NET"]
[SourceTitle "EXT 2023"]
[Source "ChessBase"]
[SourceDate "2022.10.05"]
[SourceVersion "1"]
[SourceVersionDate "2022.10.05"]
[SourceQuality "1"]
[WhiteTeam "Russia"]
[BlackTeam "Netherlands"]
[WhiteTeamCountry "RUS"]
[BlackTeamCountry "NED"]

1. e4 e6 2. d4 d5 3. exd5 exd5 4. Bd3 c5 5. dxc5 Bxc5 6. Nf3 Nf6 7. Qe2+ Qe7 8. Qxe7+ Kxe7 9. 0-0 Nc6 10. c3 h6 11. Re1+ Be6 12. Be3 Nd7 13. Nbd2 Rhe8 14. Nb3 Bxe3 15. Rxe3 Kd6 16. Rae1 Nc5 17. Bb5 Bd7 18. Bxc6 bxc6 19. Nbd4 Ne4 20. Rd1 Rab8 21. b4 a5 22. a3 c5 23. bxc5+ Kxc5 24. h3 Rb2 25. Ne2 g5 26. Nc1 Bb5 27. a4 Bc4 28. Nd3+ Bxd3 29. Rexd3 Rd8 30. c4 Kxc4 31. Ne5+ Kc5 32. Rc1+ Kb6 33. Nc4+ dxc4 34. Rxd8 Rb4 35. Rd4 c3 36. Rd3 Rxa4 37. f3 Ng3 38. Kf2 Nf5 39. Rdxc3 Ra2+ 40. Kg1 Nd4 41. Rb1+ Ka6 42. Rc8 Nb5 43. Rc6+ Kb7 44. Rc5 1-0

[Event "EU-ch Hybrid U18 Girls"]
[Site "Tornelo INT"]
[Date "2021.10.15"]
[Round "7"]
[White "Jimenez Fernandez, Rebeca"]
[Black "Ricken, Katharina"]
[Result "1/2-1/2"]
[WhiteElo "2073"]
[BlackElo "2006"]
[PlyCount "89"]
[EventDate "2021.10.15"]
[EventType "swiss"]
[EventRounds "9"]
[EventCountry "NET"]
[SourceTitle "EXT 2023"]
[Source "ChessBase"]
[SourceDate "2022.10.05"]
[SourceVersion "1"]
[SourceVersionDate "2022.10.05"]
[SourceQuality "1"]
[WhiteTeam "Spain"]
[BlackTeam "Netherlands"]
[WhiteTeamCountry "ESP"]
[BlackTeamCountry "NED"]

1. e4 e6 2. d4 d5 3. e5 c5 4. c3 Nc6 5. Nf3 Nge7 6. a3 c4 7. b4 cxb3 8. Qxb3 Na5 9. Qc2 Bd7 10. Nbd2 Rc8 11. Bd3 Ng6 12. g3 Be7 13. h4 Qc7 14. Bb2 Nc4 15. Nxc4 dxc4 16. Be4 Bc6 17. h5 Nf8 18. h6 g6 19. 0-0 Nd7 20. Bc1 Bxe4 21. Qxe4 Qc6 22. Qe2 0-0 23. Bg5 Rfe8 24. Bxe7 Rxe7 25. Ng5 Nb6 26. Ne4 Nd5 27. Qf3 Qe8 28. Nd6 Qf8 29. Nxc8 Qxc8 30. g4 Qf8 31. g5 Rc7 32. Qg3 Rc6 33. f4 Rb6 34. Rfb1 Qe8 35. Rxb6 Nxb6 36. Qf3 Nd5 37. a4 Qc6 38. Rb1 b6 39. Ra1 a6 40. Kh2 Kf8 41. Kg3 Ke8 42. Qh1 Kd7 43. Qc1 Ne7 44. Qa3 Nf5+ 45. Kf2 1/2-1/2

[Event "EU-ch Hybrid U18 Girls"]
[Site "Tornelo INT"]
[Date "2021.10.15"]
[Round "3"]
[White "Koksa, Jelena"]
[Black "Ricken, Katharina"]
[Result "1/2-1/2"]
[WhiteElo "1835"]
[BlackElo "2006"]
[PlyCount "73"]
[EventDate "2021.10.15"]
[EventType "swiss"]
[EventRounds "9"]
[EventCountry "NET"]
[SourceTitle "EXT 2023"]
[Source "ChessBase"]
[SourceDate "2022.10.05"]
[SourceVersion "1"]
[SourceVersionDate "2022.10.05"]
[SourceQuality "1"]
[WhiteTeam "Croatia"]
[BlackTeam "Netherlands"]
[WhiteTeamCountry "CRO"]
[BlackTeamCountry "NED"]

1. e4 e6 2. d4 d5 3. Nd2 c5 4. exd5 exd5 5. Ngf3 a6 6. dxc5 Bxc5 7. Bd3 Nf6 8. Nb3 Bb6 9. Qe2+ Qe7 10. Qxe7+ Kxe7 11. 0-0 Nc6 12. c3 Be6 13. Nbd4 Rhe8 14. Bf4 Kf8 15. Rfe1 h6 16. h3 Nd7 17. Bh7 g5 18. Bd2 Kg7 19. Bc2 Kf6 20. Ba4 Rac8 21. Nxc6 bxc6 22. Nd4 Nb8 23. h4 Rg8 24. hxg5+ hxg5 25. Re3 g4 26. Rae1 Rge8 27. Re5 Bd7 28. Bf4 Bxd4 29. cxd4 Re6 30. Rc1 Ke7 31. b3 Rxe5 32. Bxe5 Be8 33. Rc5 Nd7 34. Rxc6 Rxc6 35. Bxc6 Nxe5 36. Bxe8 Nd3 37. Ba4 1/2-1/2

[Event "EU-ch Hybrid U18 Girls"]
[Site "Tornelo INT"]
[Date "2021.10.15"]
[Round "2"]
[White "Ricken, Katharina"]
[Black "Radikovic, Anamarija"]
[Result "0-1"]
[WhiteElo "2006"]
[BlackElo "2170"]
[PlyCount "62"]
[EventDate "2021.10.15"]
[EventType "swiss"]
[EventRounds "9"]
[EventCountry "NET"]
[SourceTitle "EXT 2023"]
[Source "ChessBase"]
[SourceDate "2022.10.05"]
[SourceVersion "1"]
[SourceVersionDate "2022.10.05"]
[SourceQuality "1"]
[WhiteTeam "Netherlands"]
[BlackTeam "Croatia"]
[WhiteTeamCountry "NED"]
[BlackTeamCountry "CRO"]

1. Nf3 Nf6 2. g3 g6 3. b3 Bg7 4. Bb2 d6 5. d4 0-0 6. Bg2 Nbd7 7. 0-0 Re8 8. c4 c6 9. Nbd2 e5 10. e4 exd4 11. Nxd4 Nc5 12. Qc2 a5 13. h3 Qb6 14. Rad1 a4 15. Bc3 axb3 16. axb3 Nfd7 17. Rfe1 Na6 18. Ne2 Nb4 19. Qb1 Ne5 20. Nf1 Bxh3 21. Bxe5 Bxe5 22. Bxh3 Ra1 23. Qxa1 Bxa1 24. Rxa1 Nd3 25. Ne3 Nxe1 26. Rxe1 Rxe4 27. Nc1 Kg7 28. Kf1 Rd4 29. Ke2 Qa5 30. Rd1 Rxd1 31. Nxd1 Qh5+ 0-1

[Event "GER-chT Christmas U20 Girls"]
[Site "Playchess.com INT"]
[Date "2020.12.29"]
[Round "7.2"]
[White "Kalina, Lena"]
[Black "Ricken, Katharina"]
[Result "0-1"]
[WhiteElo "1585"]
[BlackElo "2030"]
[PlyCount "106"]
[EventDate "2020.12.29"]
[EventType "team-swiss (blitz)"]
[EventRounds "7"]
[EventCountry "GER"]
[SourceTitle "CBM 200 Extra"]
[Source "ChessBase"]
[SourceDate "2021.03.31"]
[SourceVersion "1"]
[SourceVersionDate "2021.03.31"]
[SourceQuality "1"]
[WhiteTeam "Landskrone"]
[BlackTeam "Hemer"]
[WhiteTeamCountry "GER"]
[BlackTeamCountry "GER"]

1. d4 e6 2. c4 Bb4+ 3. Bd2 Qe7 4. Nf3 Nf6 5. e3 0-0 6. Bd3 Bxd2+ 7. Qxd2 d6 8. Nc3 e5 9. Qc2 Nc6 10. 0-0 Nb4 11. Qd2 Nxd3 12. Nd5 Nxd5 13. cxd5 e4 14. Ne1 Nxe1 15. Rfxe1 Bd7 16. Rac1 Rac8 17. Qa5 Qg5 18. Kh1 Qh4 19. Rf1 b6 20. Qd2 f5 21. f3 Bb5 22. Rf2 Rf6 23. g3 Qh5 24. fxe4 fxe4 25. Rxf6 gxf6 26. Qf2 Kg7 27. Qf4 Qg6 28. b4 Be2 29. Rc2 Bf3+ 30. Kg1 Qh6 31. Qxh6+ Kxh6 32. Kf2 Kg5 33. h3 f5 34. a3 Kf6 35. Rc1 Ke7 36. h4 Kd7 37. Rc3 c6 38. dxc6+ Rxc6 39. Rb3 Rc2+ 40. Kf1 Kc6 41. Rb1 Kb5 42. Ke1 Ka4 43. Ra1 Re2+ 44. Kf1 Rxe3 45. Kf2 Rxa3 46. Rc1 Ra2+ 47. Ke3 Kxb4 48. Kf4 a5 49. Kxf5 e3 50. Kf4 Bd5 51. Kxe3 a4 52. Kf4 a3 53. g4 Rb2 0-1